000 00535nam a2200193Ia 4500
999 _c15018
_d15018
003 OSt
005 20201112100620.0
008 190216s9999||||xx |||||||||||||| ||und||
020 _a9788182090026
040 _coclc
082 _a428
_bGOP/T
100 _aGopalan, R
_94131
245 0 _aTest Of English 100 Tests In Verbal Reasoning /
_cR Gopalan
250 _a1st Ed.
260 _bVijay Nicole,
_c2004.
_aTamil Nadu:
300 _a111p
650 _aEnglish
942 _cBK
_2ddc
_h428
_iGOP/T
_k428
_mGOP/T